000 00480nam a2200181 a 4500
001 1767266575086
003 YourLibrary
005 20260101165457.0
008 260101s2009##################000#0#eng##
020 _a9780789036681
082 0 4 _a616.8915
_bHER
100 1 _aHertlein, Katherine M.,
_eauthor.
245 1 0 _aSystemic Sex Therapy :
260 _bTaylor & Francis US,
_c2009.
650 0 _aSex therapy.
942 _cENGLISH
040 _aYourLibrary
_beng
_cYourLibrary
999 _c606517
_d606517